Normal view
MARC view
Entry Topical Term
001 - CONTROL NUMBER
- control field: 258621
003 - CONTROL NUMBER IDENTIFIER
- control field: OSt
005 - DATE AND TIME OF LATEST TRANSACTION
- control field: 20260312115003.0
008 - FIXED-LENGTH DATA ELEMENTS
- fixed length control field: 260312|| aca||aabn | a|a d
040 ## - CATALOGING SOURCE
- Original cataloging agency: OSt
- Transcribing agency: OSt
150 ## - HEADING--TOPICAL TERM
- Topical term or geographic name entry element: Organization development intervention strategies
670 ## - SOURCE DATA FOUND
- Source citation: Work cat.: (OSt)197358: Kondalkar, V G. 258619, Organization development /, 2009.